Solutions manual for molecular quantum mechanics / (Record no. 12064)

MARC details
000 -LEADER
campo de control de longitud fija 00618nam a2200205 i 4500
001 - NÚMERO DE CONTROL
campo de control 12064
003 - IDENTIFICADOR DE NÚMERO DE CONTROL
campo de control ES-MaACL
005 - FECHA Y HORA DE LA ÚLTIMA TRANSACCIÓN
campo de control 20230906150231.0
007 - CAMPO FIJO DE DESCRIPCIÓN FÍSICA--INFORMACIÓN GENERAL
campo de control de longitud fija t|
008 - DATOS DE LONGITUD FIJA--INFORMACIÓN GENERAL
campo de control de longitud fija 970225s1994 xxu ||||1| eng d
020 ## - NÚMERO INTERNACIONAL ESTÁNDAR DEL LIBRO
Número Internacional Estándar del Libro 0-19-855180-0
080 ## - NÚMERO DE LA CLASIFICACIÓN DECIMAL UNIVERSAL
Número de la Clasificación Decimal Universal 544.18(076.2)
100 1# - ENTRADA PRINCIPAL--NOMBRE DE PERSONA
Nombre de persona Atkins, Peter W.
9 (RLIN) 23747
245 10 - MENCIÓN DEL TÍTULO
Título Solutions manual for molecular quantum mechanics /
Mención de responsabilidad, etc. P.W. Atkins.
250 ## - MENCION DE EDICION
Mención de edición 1st., rep.
260 ## - PUBLICACIÓN, DISTRIBUCIÓN, ETC.
Lugar de publicación, distribución, etc. Oxford [etc.] :
Nombre del editor, distribuidor, etc. Oxford University Press,
Fecha de publicación, distribución, etc. 1994.
300 ## - DESCRIPCIÓN FÍSICA
Extensión 204 p. ;
Dimensiones 24 cm.
650 #4 - PUNTO DE ACCESO ADICIONAL DE MATERIA--TÉRMINO DE MATERIA
Término de materia o nombre geográfico como elemento de entrada Química cuántica-
Subdivisión de forma Problemas, ejercicios, etc.
9 (RLIN) 16631
852 ## - LOCALIZACIÓN
Ubicación ES-MaACL
Número de control de estantería L-19347
Sublocalización o colección R.125706
Holdings
Estatus retirado Estado de pérdida Estado de daño No para préstamo Biblioteca de origen Biblioteca actual Ubicación en estantería Fecha de adquisición Fuente de adquisición Total de préstamos Signatura topográfica completa Código de barras Visto por última vez Precio de reemplazo Tipo de ítem Koha
        Biblioteca del Ateneo de Madrid Biblioteca del Ateneo de Madrid Depósito 2 17/01/2008     L-19347 1012292 23/02/2023 23/02/2023 Libro impreso